[Event "C.to provinciale VA"]
[Site "Gallarate ITA"]
[Date "2010.01.24"]
[Round "3"]
[White "Colusso, Ermes"]
[Black "Tomassoni, Leonardo"]
[Result "1/2-1/2"]
[WhiteElo "1693"]
[BlackElo "1937"]
[PlyCount "126"]
[EventDate "2010.01.23"]

1. e4 c5 2. Nf3 d6 3. d4 cxd4 4. Nxd4 Nf6 5. Nc3 a6 6. Bg5 e5 7. Nb3 h6 8. Bh4
g5 9. Bg3 Be6 10. h4 g4 11. h5 Nbd7 12. Qd2 Be7 13. O-O-O Qc7 14. Kb1 O-O-O 15.
Be2 Nc5 16. f3 gxf3 17. Bxf3 Qc6 18. Bh4 Qc7 19. Qe2 Rhg8 20. Nd5 Nxd5 21. exd5
Nxb3 22. axb3 Bf5 23. g4 Bh7 24. Rh3 Bxh4 25. Rxh4 Qe7 26. Rh2 e4 27. Qc4+ Kb8
28. Re2 Rc8 29. Qd4 Rge8 30. Rde1 Qc7 31. Qd2 e3 32. Qc1 Qc5 33. b4 Qxb4 34.
Rxe3 Bxc2+ 35. Qxc2 Rxe3 36. Qxc8+ Kxc8 37. Rxe3 Qd4 38. Rc3+ Kd7 39. Kc2 b5
40. Rd3 Qf2+ 41. Kb3 a5 42. Kc3 Kc7 43. Bd1 Qe1+ 44. Rd2 Qe3+ 45. Kc2 b4 46.
Kb1 a4 47. Rc2+ Kb6 48. Rc6+ Kb5 49. Rc1 b3 50. Rc3 Qd2 51. Bf3 Qe1+ 52. Rc1
Qe3 53. Bh1 a3 54. Rd1 Qe2 55. Rc1 Qd3+ 56. Ka1 Qd2 57. Rb1 Qc2 58. Bf3 axb2+
59. Rxb2 Qc1+ 60. Rb1 Qc3+ 61. Rb2 Qc1+ 62. Rb1 Qc3+ 63. Rb2 Qc1+ 1/2-1/2

[Event "C.to provinciale VA"]
[Site "Gallarate ITA"]
[Date "2010.01.24"]
[Round "3"]
[White "D'Aulisa, Francesco"]
[Black "Centofante, Maria Rosa"]
[Result "1/2-1/2"]
[WhiteElo "1749"]
[BlackElo "1568"]
[PlyCount "30"]
[EventDate "2010.01.23"]

1. e4 d5 2. exd5 Qxd5 3. d4 Nf6 4. Nf3 Bg4 5. Be2 e6 6. Bf4 Qa5+ 7. c3 c6 8.
O-O Nbd7 9. Nbd2 Be7 10. Nc4 Qd5 11. Nfe5 O-O 12. Nxg4 Nxg4 13. Ne5 Ngxe5 14.
dxe5 Rad8 15. Qxd5 cxd5 1/2-1/2

[Event "C.to provinciale VA"]
[Site "Gallarate ITA"]
[Date "2010.01.24"]
[Round "3"]
[White "Donghi, Fabio"]
[Black "Torretta, Gilberto"]
[Result "1-0"]
[WhiteElo "1615"]
[BlackElo "1683"]
[PlyCount "101"]
[EventDate "2010.01.23"]

1. e4 e5 2. Nf3 Nc6 3. Bb5 a6 4. Bxc6 dxc6 5. h3 Nf6 6. d3 Bc5 7. O-O h6 8.
Nbd2 Qe7 9. Nc4 O-O 10. Be3 Be6 11. Bxc5 Qxc5 12. Ne3 Rfd8 13. Nd2 b5 14. Qf3
Rd7 15. Nb3 Qe7 16. Nf5 Bxf5 17. Qxf5 Nh7 18. f4 exf4 19. Rxf4 Rd6 20. Raf1 Rf6
21. Qc5 Qxc5+ 22. Nxc5 Rxf4 23. Rxf4 Nf6 24. g4 a5 25. Nb3 Nd7 26. Nd4 Ne5 27.
b3 b4 28. Kg2 c5 29. Nf3 Ng6 30. Rf5 Ne7 31. Rxc5 c6 32. Ne5 Ra6 33. Nc4 a4 34.
Ra5 axb3 35. axb3 Rxa5 36. Nxa5 c5 37. Nb7 Nc6 38. Nxc5 Nd4 39. Kf2 Nxc2 40.
Ke2 g5 41. Kd2 Nd4 42. e5 Nf3+ 43. Ke3 Nxe5 44. d4 Nc6 45. d5 Ne5 46. Na6 Nd7
47. Kd4 Kg7 48. Nxb4 Kf6 49. Nc6 Kg6 50. Ne5+ Nxe5 51. Kxe5 1-0

[Event "C.to provinciale VA"]
[Site "Gallarate ITA"]
[Date "2010.01.24"]
[Round "3"]
[White "Mondini, Francesco"]
[Black "Bertrecchi, Corrado"]
[Result "1-0"]
[WhiteElo "1504"]
[BlackElo "1717"]
[PlyCount "61"]
[EventDate "2010.01.23"]

1. e4 d6 2. d4 c6 3. Nf3 Bg4 4. Be2 h6 5. c4 Nd7 6. Nc3 Qc7 7. b3 Ngf6 8. Bb2
Qa5 9. O-O a6 10. h3 Bh5 11. a3 c5 12. d5 Bg6 13. Re1 Nxe4 14. Nxe4 Bxe4 15.
Bd3 Bxd3 16. Qxd3 O-O-O 17. Bc3 Qb6 18. Rab1 Nf6 19. Qd2 Qa7 20. b4 Rd7 21. b5
b6 22. Qc2 a5 23. a4 g5 24. Qf5 Bg7 25. Rxe7 Kd8 26. Bxf6 Bxf6 27. Rxd7+ Qxd7
28. Qxf6+ Kc7 29. Qxh8 g4 30. hxg4 Qxg4 31. Re1 1-0

[Event "C.to provinciale VA"]
[Site "Gallarate ITA"]
[Date "2010.01.24"]
[Round "3"]
[White "Schingaro, Angelo"]
[Black "Musso, Roberto"]
[Result "0-1"]
[WhiteElo "1695"]
[BlackElo "1762"]
[PlyCount "66"]
[EventDate "2010.01.23"]

1. e4 c5 2. Nf3 d6 3. d4 cxd4 4. Nxd4 Nf6 5. Nc3 a6 6. Be3 e6 7. f3 Qc7 8. Qd2
Nc6 9. O-O-O b5 10. g4 Be7 11. g5 Nd7 12. h4 Nde5 13. Qf2 Bb7 14. Rg1 Na5 15.
h5 g6 16. hxg6 hxg6 17. Nxe6 fxe6 18. Bb6 Qc6 19. Bxa5 Rf8 20. Qe3 Nxf3 21. Rg3
Ne5 22. Bh3 Nc4 23. Qd4 e5 24. Qd3 Nxa5 25. Nd5 Bc8 26. Bg2 Be6 27. Kb1 Rc8 28.
b3 Nb7 29. Rh1 Nc5 30. Qe2 Nd7 31. Qd3 Rf2 32. Rh7 Bxd5 33. exd5 Qxc2+ 0-1

[Event "C.to provinciale VA"]
[Site "Gallarate ITA"]
[Date "2010.01.30"]
[Round "4"]
[White "Bardelli, Alberto"]
[Black "Ambrosini, Andrea"]
[Result "1/2-1/2"]
[WhiteElo "1817"]
[BlackElo "1449"]
[PlyCount "28"]
[EventDate "2010.01.23"]

1. e4 e5 2. Nf3 Nc6 3. Bb5 a6 4. Ba4 Bc5 5. O-O Nf6 6. Nxe5 O-O 7. Nxc6 dxc6 8.
d3 Qd6 9. h3 Be6 10. c3 Ba7 11. Qe2 Nd7 12. Nd2 Bxh3 13. gxh3 Qg3+ 14. Kh1
Qxh3+ 1/2-1/2

[Event "C.to provinciale VA"]
[Site "Gallarate ITA"]
[Date "2010.01.30"]
[Round "4"]
[White "Centofante, Maria Rosa"]
[Black "Bertrecchi, Corrado"]
[Result "1-0"]
[WhiteElo "1568"]
[BlackElo "1717"]
[PlyCount "73"]
[EventDate "2010.01.23"]

1. d4 Nf6 2. Nf3 d5 3. c4 e6 4. Nc3 c5 5. dxc5 Bxc5 6. Bg5 Bb4 7. e3 h6 8. Bh4
O-O 9. Be2 Be7 10. O-O b6 11. cxd5 Nxd5 12. Bxe7 Nxe7 13. Qc2 Qc7 14. Rac1 Ba6
15. Nd4 Bxe2 16. Qxe2 Qb7 17. Ncb5 Nbc6 18. Qf3 Rac8 19. Nd6 Qa8 20. Nxc8 Rxc8
21. Rfe1 Nxd4 22. Rxc8+ Qxc8 23. exd4 Nd5 24. Qb3 Qc6 25. g3 g5 26. h3 f5 27.
a3 h5 28. Qd3 Kg7 29. Re2 Qc1+ 30. Kh2 f4 31. Rc2 fxg3+ 32. fxg3 Qe1 33. Re2
Qf1 34. Qd2 Qf6 35. Re5 Kh6 36. h4 Nf4 37. hxg5+ 1-0

[Event "C.to provinciale VA"]
[Site "Gallarate ITA"]
[Date "2010.01.30"]
[Round "4"]
[White "Cervini, Gian Piero"]
[Black "Colusso, Ermes"]
[Result "1-0"]
[WhiteElo "1792"]
[BlackElo "1693"]
[PlyCount "55"]
[EventDate "2010.01.23"]

1. e4 c5 2. c3 e6 3. d4 d5 4. exd5 exd5 5. dxc5 Bxc5 6. Nf3 Nc6 7. Bd3 Nge7 8.
O-O Bg4 9. h3 Bh5 10. Bf4 Qd7 11. Nbd2 O-O-O 12. Qc2 Bg6 13. b4 Bd6 14. Be3 Kb8
15. Nb3 b6 16. Rfd1 Rc8 17. Qe2 Bxd3 18. Qxd3 Rc7 19. a4 Rhc8 20. a5 bxa5 21.
b5 Ne5 22. Nxe5 Bxe5 23. Rxa5 Bxc3 24. Ra6 Rb7 25. Nc5 Qxb5 26. Nxb7 Qxd3 27.
Rxd3 Kxb7 28. Rxa7+ 1-0

[Event "C.to provinciale VA"]
[Site "Gallarate ITA"]
[Date "2010.01.30"]
[Round "4"]
[White "Cesarano, Marco"]
[Black "Cardani, Roberto"]
[Result "1/2-1/2"]
[WhiteElo "1818"]
[BlackElo "1965"]
[PlyCount "31"]
[EventDate "2010.01.23"]

1. b3 e5 2. Bb2 Nc6 3. e3 Nf6 4. Bb5 Bd6 5. Nh3 Qe7 6. O-O a6 7. Be2 O-O 8. a4
b6 9. Na3 Bc5 10. f4 d6 11. fxe5 dxe5 12. Nf2 Bb7 13. Nd3 Bd6 14. Nc4 Nd7 15.
Bg4 Rad8 16. Qe2 1/2-1/2

[Event "C.to provinciale VA"]
[Site "Gallarate ITA"]
[Date "2010.01.30"]
[Round "4"]
[White "D'Aulisa, Francesco"]
[Black "Mondini, Francesco"]
[Result "1-0"]
[WhiteElo "1749"]
[BlackElo "1504"]
[PlyCount "67"]
[EventDate "2010.01.23"]

1. e4 e5 2. Nf3 Nc6 3. Bb5 Nf6 4. O-O a6 5. Bxc6 dxc6 6. Nxe5 Qd4 7. Nf3 Qb6 8.
h3 Bc5 9. d4 Bb4 10. c3 Be7 11. Nbd2 Qb5 12. e5 Nd7 13. Ne4 O-O 14. Nfg5 h6 15.
e6 hxg5 16. exd7 Bxd7 17. Qh5 g4 18. hxg4 Qxh5 19. gxh5 f5 20. Bg5 Bxg5 21.
Nxg5 f4 22. Rfe1 Bg4 23. Re7 Bxh5 24. Rxc7 Rf5 25. Ne6 Bf7 26. Nc5 b6 27. Nd7
Be6 28. Nxb6 Rb8 29. Rxc6 Bf7 30. b3 f3 31. gxf3 Bh5 32. Rc8+ Rxc8 33. Nxc8
Bxf3 34. Ne7+ 1-0

[Event "C.to provinciale VA"]
[Site "Gallarate ITA"]
[Date "2010.01.30"]
[Round "4"]
[White "Novi', Giuseppe"]
[Black "Brioschi, Camillo"]
[Result "1-0"]
[WhiteElo "1798"]
[BlackElo "1843"]
[PlyCount "81"]
[EventDate "2010.01.23"]

1. e4 e5 2. Nf3 Nc6 3. Bb5 Nf6 4. O-O Nxe4 5. Re1 Nd6 6. Nxe5 Nxe5 7. Rxe5+ Be7
8. Ba4 O-O 9. d4 Nc4 10. Re1 d5 11. Qf3 c6 12. c3 Be6 13. Bc2 Qd7 14. h3 Nd6
15. Bf4 Rae8 16. Nd2 Nf5 17. Nf1 Bf6 18. Ng3 g6 19. Be5 Bxe5 20. Rxe5 Ng7 21.
Rae1 f6 22. R5e3 Qf7 23. Qf4 Bc8 24. Kf1 Rxe3 25. Rxe3 Re8 26. Rxe8+ Nxe8 27.
Qb8 Qc7 28. Qxa7 Qf4 29. Ne2 Qd2 30. Qa4 Nd6 31. f3 Kg7 32. b4 Nc4 33. Bb3 Nb2
34. Qa8 Nd3 35. Kg1 Bf5 36. Qxb7+ Kh6 37. Qe7 Qe1+ 38. Kh2 Qf2 39. f4 Ne1 40.
Qf8+ Kh5 41. Ng3+ 1-0

[Event "C.to provinciale VA"]
[Site "Gallarate ITA"]
[Date "2010.01.30"]
[Round "4"]
[White "Pepa, Syrja"]
[Black "Musso, Roberto"]
[Result "1-0"]
[WhiteElo "1825"]
[BlackElo "1762"]
[PlyCount "93"]
[EventDate "2010.01.23"]

1. d4 Nf6 2. c4 g6 3. Nc3 d5 4. cxd5 Nxd5 5. e4 Nxc3 6. bxc3 Bg7 7. Qb3 O-O 8.
Nf3 c5 9. Be3 Qa5 10. Bc4 Nc6 11. O-O cxd4 12. cxd4 e6 13. Rad1 a6 14. d5 exd5
15. exd5 Ne5 16. Nxe5 Bxe5 17. d6 Qd8 18. Bb6 Qd7 19. Rfe1 Bxd6 20. Bc5 Bxc5
21. Rxd7 Bxd7 22. Qxb7 Be6 23. Rxe6 Rab8 24. Qc6 Rb1+ 25. Bf1 Bxf2+ 26. Kxf2
fxe6+ 27. Kg3 Rbxf1 28. Qxe6+ Kg7 29. Qxa6 R1f5 30. h4 R8f6 31. Qa7+ Kh6 32.
Qe3+ g5 33. a4 Kg6 34. Qa3 gxh4+ 35. Kxh4 Kg7 36. Qc3 Kg6 37. g4 Rf1 38. Qd3+
Kf7 39. Qxh7+ Ke6 40. Qe4+ Kd7 41. Kg5 Rf8 42. Qd5+ Kc7 43. a5 Kb8 44. a6 R1f7
45. Qd6+ Ka7 46. Kg6 Rf6+ 47. Qxf6 1-0

[Event "C.to provinciale VA"]
[Site "Gallarate ITA"]
[Date "2010.01.30"]
[Round "4"]
[White "Tomassoni, Leonardo"]
[Black "Donghi, Fabio"]
[Result "1-0"]
[WhiteElo "1937"]
[BlackElo "1615"]
[PlyCount "53"]
[EventDate "2010.01.23"]

1. e4 c5 2. Nf3 d6 3. d4 cxd4 4. Nxd4 Nf6 5. Nc3 a6 6. Be2 Nbd7 7. O-O g6 8.
Be3 Bg7 9. Qd2 Nc5 10. f3 Ne6 11. Rad1 Nxd4 12. Bxd4 O-O 13. Kh1 b5 14. Nd5 Nd7
15. Bxg7 Kxg7 16. f4 Nc5 17. Qd4+ Kg8 18. f5 Bb7 19. fxg6 hxg6 20. Rf3 Bxd5 21.
exd5 Nd7 22. Rh3 f6 23. Qh4 Kf7 24. Qh7+ Ke8 25. Qxg6+ Rf7 26. Rh8+ Nf8 27. Bh5
1-0

[Event "C.to provinciale VA"]
[Site "Gallarate ITA"]
[Date "2010.01.30"]
[Round "4"]
[White "Torretta, Gilberto"]
[Black "Schingaro, Angelo"]
[Result "1-0"]
[WhiteElo "1683"]
[BlackElo "1695"]
[PlyCount "58"]
[EventDate "2010.01.23"]

1. e4 c5 2. Nc3 Nc6 3. g3 g6 4. Bg2 Bg7 5. Nge2 e6 6. O-O Nge7 7. d3 a6 8. Bg5
d6 9. Qd2 Qc7 10. Rae1 Rb8 11. Nd1 b5 12. c3 O-O 13. f4 f5 14. Nf2 a5 15. g4
Kh8 16. Kh1 b4 17. d4 Ba6 18. Rg1 Bxe2 19. Qxe2 cxd4 20. cxb4 Nxb4 21. exf5 e5
22. fxe5 dxe5 23. Bxe7 Qxe7 24. a3 d3 25. Nxd3 Nxd3 26. Qxd3 gxf5 27. gxf5 Rxb2
28. Qh3 Rf6 29. Bd5 Rh6 1-0

[Event "C.to provinciale VA"]
[Site "Gallarate ITA"]
[Date "2010.01.31"]
[Round "5"]
[White "Ambrosini, Andrea"]
[Black "Tomassoni, Leonardo"]
[Result "0-1"]
[WhiteElo "1449"]
[BlackElo "1937"]
[PlyCount "89"]
[EventDate "2010.01.23"]

1. e4 c5 2. Nf3 d6 3. Bc4 e6 4. Nc3 Nf6 5. d3 Nc6 6. O-O Be7 7. Bb5 O-O 8. Bxc6
bxc6 9. h3 e5 10. Nh2 Rb8 11. b3 d5 12. f3 Ba6 13. Bb2 c4 14. Re1 d4 15. Nb1
cxd3 16. cxd3 Qa5 17. Re2 Nh5 18. Bc1 Ng3 19. Rf2 Rxb3 20. axb3 Qxa1 21. Bb2
Qa5 22. Nf1 Nh5 23. g3 Qb5 24. f4 Qxd3 25. Qxd3 Bxd3 26. Nbd2 f6 27. Rf3 Bb5
28. Bc1 Rb8 29. Kg2 Be2 30. Rf2 Bd1 31. fxe5 fxe5 32. Rf5 Nf6 33. Rxe5 Bb4 34.
Nc4 Bxb3 35. Nfd2 Bc2 36. Kf3 Ra8 37. Bb2 c5 38. Ba3 Rc8 39. Re7 a5 40. Ra7 a4
41. Nb6 Re8 42. Ndc4 Bxe4+ 43. Kf4 d3 44. Ke3 Bxa3 45. Nxa3 0-1

[Event "C.to provinciale VA"]
[Site "Gallarate ITA"]
[Date "2010.01.31"]
[Round "5"]
[White "Bertrecchi, Corrado"]
[Black "Schingaro, Angelo"]
[Result "0-1"]
[WhiteElo "1717"]
[BlackElo "1695"]
[PlyCount "88"]
[EventDate "2010.01.23"]

1. d4 d5 2. c3 Nf6 3. Bf4 e6 4. Nd2 Bd6 5. Bxd6 Qxd6 6. Ngf3 c5 7. e3 Nc6 8.
Be2 b6 9. O-O O-O 10. Re1 Bb7 11. Bd3 h6 12. e4 dxe4 13. Nxe4 Nxe4 14. Bxe4
Rfd8 15. Re3 cxd4 16. cxd4 Rac8 17. Rd3 Na5 18. Bxb7 Nxb7 19. Rd2 Qd5 20. Ne5
Nd6 21. Rd3 Nc4 22. Nxc4 Rxc4 23. Rc1 Rxd4 24. Rxd4 Qxd4 25. Qc2 Qd3 26. Qxd3
Rxd3 27. g3 Rd2 28. Rb1 Kf8 29. Kf1 Ke7 30. Ke1 Rc2 31. h3 e5 32. a3 f5 33. b3
Ke6 34. Rd1 Rc3 35. Rb1 e4 36. Kf1 g5 37. Ke2 Ke5 38. Kd2 Rd3+ 39. Kc2 Rf3 40.
Re1 Rxf2+ 41. Kc3 Rf3+ 42. Kc4 Rxg3 43. a4 f4 44. b4 f3 0-1

[Event "C.to provinciale VA"]
[Site "Gallarate ITA"]
[Date "2010.01.31"]
[Round "5"]
[White "Cardani, Roberto"]
[Black "Novi', Giuseppe"]
[Result "1-0"]
[WhiteElo "1965"]
[BlackElo "1798"]
[PlyCount "57"]
[EventDate "2010.01.23"]

1. e4 e6 2. d4 d5 3. Nc3 b6 4. Nf3 Ba6 5. Bxa6 Nxa6 6. exd5 exd5 7. Qe2+ Qe7 8.
Nxd5 Qxe2+ 9. Kxe2 O-O-O 10. Ne3 Bd6 11. Nf5 Bf8 12. Bf4 f6 13. h4 g6 14. Ne3
Bg7 15. c3 Ne7 16. Rhe1 Rhe8 17. Kf1 h6 18. b4 g5 19. hxg5 hxg5 20. Bg3 Bh6 21.
b5 Nb8 22. a4 f5 23. Be5 Nd7 24. a5 g4 25. axb6 Nxe5 26. Nxe5 axb6 27. Nf7 Bxe3
28. Nxd8 Kxd8 29. Ra8+ 1-0

[Event "C.to provinciale VA"]
[Site "Gallarate ITA"]
[Date "2010.01.31"]
[Round "5"]
[White "Colusso, Ermes"]
[Black "Brioschi, Camillo"]
[Result "1/2-1/2"]
[WhiteElo "1693"]
[BlackElo "1843"]
[PlyCount "113"]
[EventDate "2010.01.23"]

1. e4 e5 2. f4 Bc5 3. Nf3 d6 4. Bc4 Nf6 5. d3 Nc6 6. c3 Qe7 7. Qe2 Bg4 8. Be3
Bb6 9. f5 O-O-O 10. Bxb6 axb6 11. h3 Bxf3 12. Qxf3 Na5 13. Na3 Nxc4 14. dxc4
Qd7 15. O-O-O Qa4 16. Kb1 b5 17. cxb5 Qxe4+ 18. Rd3 Qxf3 19. gxf3 Nh5 20. Nc4
Ng3 21. Rhd1 Nxf5 22. b6 Rhe8 23. a4 Re6 24. a5 c6 25. b4 d5 26. Kb2 Ree8 27.
a6 bxa6 28. Na5 Ne7 29. Nc4 dxc4 30. Rxd8+ Rxd8 31. b7+ Kxb7 32. Rxd8 Kc7 33.
Ra8 f5 34. Rf8 e4 35. fxe4 fxe4 36. Rf7 Kd6 37. Rxg7 e3 38. Kc2 h5 39. Rh7 Nd5
40. Rxh5 Nf4 41. Rh6+ Ke5 42. Kd1 Ke4 43. Rh4 Kf3 44. Rxf4+ Kxf4 45. Ke2 c5 46.
bxc5 Ke5 47. h4 a5 48. h5 a4 49. c6 Kd6 50. h6 a3 51. h7 a2 52. h8=Q a1=Q 53.
Qf6+ Kc7 54. Qf4+ Kxc6 55. Qxc4+ Kd7 56. Qd4+ Kc6 57. Kxe3 1/2-1/2

[Event "C.to provinciale VA"]
[Site "Gallarate ITA"]
[Date "2010.01.31"]
[Round "5"]
[White "Donghi, Fabio"]
[Black "D'Aulisa, Francesco"]
[Result "0-1"]
[WhiteElo "1615"]
[BlackElo "1749"]
[PlyCount "56"]
[EventDate "2010.01.23"]

1. e4 d6 2. Nc3 a6 3. Bc4 e6 4. Nf3 Nd7 5. d3 h6 6. Be3 Ne7 7. Qd2 b6 8. a3 Bb7
9. O-O g5 10. Bd4 e5 11. Be3 Ng6 12. h3 Rg8 13. g3 Bc8 14. Kg2 Nf6 15. Rh1 Nf4+
16. Bxf4 gxf4 17. Ne2 Bd7 18. Rag1 Qc8 19. Nxf4 exf4 20. Qxf4 Bg7 21. e5 dxe5
22. Qxe5+ Kf8 23. Re1 Qd8 24. Qf4 Bc6 25. Bxf7 Kxf7 26. Re5 Re8 27. Qc4+ Bd5
28. Rxd5 Nxd5 0-1

[Event "C.to provinciale VA"]
[Site "Gallarate ITA"]
[Date "2010.01.31"]
[Round "5"]
[White "Mondini, Francesco"]
[Black "Centofante, Maria Rosa"]
[Result "0-1"]
[WhiteElo "1504"]
[BlackElo "1568"]
[PlyCount "76"]
[EventDate "2010.01.23"]

1. c4 c6 2. Nc3 Nf6 3. Nf3 d5 4. cxd5 Nxd5 5. d4 Bf5 6. g3 e6 7. Bg2 h6 8. O-O
Be7 9. Ne1 Bg6 10. e4 Nf6 11. Nc2 Qc7 12. Bf4 Qd8 13. e5 Nd5 14. Nxd5 cxd5 15.
Be3 O-O 16. Rc1 Nc6 17. a3 Na5 18. b4 Nc4 19. Qe2 a6 20. f4 f5 21. Bf2 Rc8 22.
Qd3 Bh7 23. Ne3 b5 24. Be1 Nb2 25. Rxc8 Qxc8 26. Nxd5 exd5 27. Bxd5+ Kh8 28.
Qb3 Nc4 29. Bc3 Bg8 30. Bxg8 Rxg8 31. Rc1 Qe6 32. Rd1 Rd8 33. Be1 Qd5 34. Bf2
Qe4 35. Re1 Nd2 36. Rxe4 Nxb3 37. Re3 Nxd4 38. Rd3 Ne2+ 0-1

[Event "C.to provinciale VA"]
[Site "Gallarate ITA"]
[Date "2010.01.31"]
[Round "5"]
[White "Musso, Roberto"]
[Black "Bardelli, Alberto"]
[Result "0-1"]
[WhiteElo "1762"]
[BlackElo "1817"]
[PlyCount "72"]
[EventDate "2010.01.23"]

1. e4 c5 2. Nf3 d6 3. d4 cxd4 4. Nxd4 Nf6 5. Nc3 a6 6. Be2 e5 7. Nb3 Be6 8. O-O
Be7 9. f4 exf4 10. Bxf4 Nc6 11. Bf3 Ne5 12. Nd5 Bxd5 13. exd5 O-O 14. Kh1 Nc4
15. Qd4 Rc8 16. Rae1 Nd7 17. Be2 Bf6 18. Qf2 Nde5 19. Bc1 Qd7 20. Qg3 Qd8 21.
Qf2 Bh4 22. g3 Bf6 23. Nd4 Qa5 24. Qg2 Qxa2 25. c3 Nxb2 26. Bxa6 bxa6 27. Re2
Ned3 28. Bxb2 Nxb2 29. Nc6 Qc4 30. Rxb2 Rfe8 31. Rc2 Re3 32. h3 Kf8 33. Qf2
Qxd5+ 34. Kh2 Rce8 35. Nb4 Qc4 36. Na2 Re2 0-1

[Event "C.to provinciale VA"]
[Site "Gallarate ITA"]
[Date "2010.01.31"]
[Round "5"]
[White "Pepa, Syrja"]
[Black "Cesarano, Marco"]
[Result "0-1"]
[WhiteElo "1825"]
[BlackElo "1818"]
[PlyCount "37"]
[EventDate "2010.01.23"]

1. d4 d5 2. c4 c6 3. e3 Nf6 4. Nc3 e6 5. Nf3 Nbd7 6. Bd3 Bd6 7. O-O O-O 8. e4
dxe4 9. Nxe4 Nxe4 10. Bxe4 Qc7 11. Bxh7+ Kxh7 12. Ng5+ Kg8 13. f4 Nf6 14. c5
Be7 15. Rf3 Rd8 16. b4 a5 17. Qc2 Rxd4 18. Bb2 Qd8 19. Bxd4 0-1

[Event "C.to provinciale VA"]
[Site "Gallarate ITA"]
[Date "2010.01.31"]
[Round "6"]
[White "Bardelli, Alberto"]
[Black "Cesarano, Marco"]
[Result "1-0"]
[WhiteElo "1817"]
[BlackElo "1818"]
[PlyCount "113"]
[EventDate "2010.01.23"]

1. e4 c5 2. Nf3 d6 3. d4 cxd4 4. Nxd4 Nf6 5. Nc3 g6 6. Be3 Bg7 7. f3 Nc6 8. Qd2
O-O 9. Bc4 Bd7 10. O-O-O Rc8 11. Nxc6 Bxc6 12. Bxa7 Bxe4 13. Bxf7+ Rxf7 14.
fxe4 Qa5 15. Bd4 b5 16. Bxf6 Bxf6 17. Nd5 Qxa2 18. Nxf6+ Rxf6 19. Qd5+ Qxd5 20.
Rxd5 Rf2 21. Rd2 Rcf8 22. Re1 Rf1 23. Kd1 R1f2 24. Rxf2 Rxf2 25. Re2 Rf1+ 26.
Kd2 Kf7 27. Kc3 Ke6 28. Kb4 Rf8 29. c3 Rb8 30. g3 Ke5 31. Rd2 e6 32. Rd4 Rb7
33. Ka5 Rb8 34. Rb4 d5 35. exd5 Kxd5 36. Rxb5+ Rxb5+ 37. Kxb5 e5 38. c4+ Kd4
39. c5 e4 40. c6 e3 41. c7 e2 42. c8=Q e1=Q 43. Qd7+ Ke3 44. Qe7+ Kf2 45. Qxe1+
Kxe1 46. Kc4 h5 47. Kd3 Kf2 48. b4 g5 49. b5 Kg2 50. b6 h4 51. gxh4 gxh4 52. b7
Kxh2 53. b8=Q+ Kg2 54. Qf4 h3 55. Ke2 h2 56. Qf3+ Kg1 57. Qf1# 1-0

[Event "C.to provinciale VA"]
[Site "Gallarate ITA"]
[Date "2010.01.31"]
[Round "6"]
[White "Brioschi, Camillo"]
[Black "Cervini, Gian Piero"]
[Result "1-0"]
[WhiteElo "1843"]
[BlackElo "1792"]
[PlyCount "51"]
[EventDate "2010.01.23"]

1. d4 Nf6 2. c4 g6 3. Nc3 Bg7 4. e4 d6 5. Be2 O-O 6. Nf3 Na6 7. Be3 Ng4 8. Bg5
f6 9. Bd2 c5 10. h3 Nh6 11. d5 Nc7 12. Bf4 Nf7 13. Qd2 a6 14. O-O e6 15. dxe6
Bxe6 16. Rfd1 Ne8 17. a4 Qe7 18. a5 Rd8 19. Nd5 Bxd5 20. exd5 Ne5 21. Re1 Qf7
22. Ra3 g5 23. Be3 g4 24. Nxe5 fxe5 25. Bxg4 Nf6 26. Be6 1-0

[Event "C.to provinciale VA"]
[Site "Gallarate ITA"]
[Date "2010.01.31"]
[Round "6"]
[White "Centofante, Maria Rosa"]
[Black "Ambrosini, Andrea"]
[Result "1-0"]
[WhiteElo "1568"]
[BlackElo "1449"]
[PlyCount "119"]
[EventDate "2010.01.23"]

1. d4 d5 2. Nf3 Nc6 3. c4 e6 4. Nc3 Bb4 5. a3 Bxc3+ 6. bxc3 Nf6 7. Bg5 h6 8.
Bxf6 Qxf6 9. cxd5 exd5 10. e3 O-O 11. Be2 a6 12. O-O Re8 13. Qb3 Ne7 14. Ne5 c6
15. c4 Ng6 16. Nxg6 Qxg6 17. cxd5 Bh3 18. Bf3 Rab8 19. Kh1 Bd7 20. Qb6 Rec8 21.
Rfc1 Qd3 22. a4 g5 23. h3 Kg7 24. Rc5 Qd2 25. Kg1 Qd3 26. Qb1 Qxb1+ 27. Rxb1
cxd5 28. Rxc8 Bxc8 29. Bxd5 b5 30. axb5 Rxb5 31. Rxb5 axb5 32. e4 Kf6 33. f3
Be6 34. Bxe6 Kxe6 35. Kf2 Kd6 36. Ke2 f6 37. Kd3 Kc6 38. Kc3 Kb6 39. Kb4 Kc6
40. g4 Kb6 41. d5 Kc7 42. Kxb5 Kd6 43. Kc4 Kc7 44. Kc5 Kd7 45. d6 Kd8 46. Kc6
Kc8 47. Kd5 Kd7 48. e5 fxe5 49. Kxe5 Kd8 50. Ke6 Ke8 51. Kf6 Kd7 52. Kg6 Kxd6
53. Kxh6 Ke6 54. Kxg5 Kf7 55. f4 Kg7 56. h4 Kh7 57. f5 Kg7 58. h5 Kg8 59. h6
Kf8 60. f6 1-0

[Event "C.to provinciale VA"]
[Site "Gallarate ITA"]
[Date "2010.01.31"]
[Round "6"]
[White "D'Aulisa, Francesco"]
[Black "Torretta, Gilberto"]
[Result "0-1"]
[WhiteElo "1749"]
[BlackElo "1683"]
[PlyCount "86"]
[EventDate "2010.01.23"]

1. e4 e5 2. Nf3 Nc6 3. Bb5 a6 4. Ba4 Nf6 5. O-O Nxe4 6. Bxc6 dxc6 7. Nxe5 Be7
8. d3 Nd6 9. Nc3 O-O 10. Re1 f6 11. Nf3 Bg4 12. h3 Bh5 13. Ne4 Re8 14. Ng3 Bf7
15. Nd4 Bf8 16. Be3 c5 17. Ndf5 Nxf5 18. Nxf5 Qd5 19. Ng3 Bd6 20. Ne4 Be5 21.
c4 Qc6 22. Rb1 Rad8 23. b3 f5 24. Nxc5 f4 25. Ne4 fxe3 26. fxe3 Bg6 27. Nf2 Bg3
28. Rb2 Bxf2+ 29. Rxf2 Rxd3 30. Qg4 Rdxe3 31. Ref1 Qd6 32. Qg5 Re1 33. c5 Rxf1+
34. Rxf1 Qd4+ 35. Kh1 Qe5 36. Qd2 Qxc5 37. Qd7 Qe5 38. Qd2 Qe2 39. Qd5+ Kh8 40.
Kg1 Qe3+ 41. Kh1 Be4 42. Qd7 Bc6 43. Qf7 Qxh3+ 0-1

[Event "C.to provinciale VA"]
[Site "Gallarate ITA"]
[Date "2010.01.31"]
[Round "6"]
[White "Musso, Roberto"]
[Black "Colusso, Ermes"]
[Result "1-0"]
[WhiteElo "1762"]
[BlackElo "1693"]
[PlyCount "53"]
[EventDate "2010.01.23"]

1. e4 c5 2. Nf3 d6 3. d4 cxd4 4. Nxd4 Nf6 5. Nc3 g6 6. Bc4 Bg7 7. f3 O-O 8. Be3
Nc6 9. Qd2 Bd7 10. O-O-O Qb8 11. a3 Rc8 12. Ba2 Ne5 13. h4 Nc4 14. Bxc4 Rxc4
15. h5 Nxh5 16. g4 Nf6 17. Qh2 b5 18. Nd5 Kf8 19. Nxf6 exf6 20. Bf4 Qb6 21.
Bxd6+ Ke8 22. Nb3 Rac8 23. Qxh7 Rxc2+ 24. Kb1 Qxd6 25. Rxd6 Bf8 26. Rd3 b4 27.
Rxd7 1-0

[Event "C.to provinciale VA"]
[Site "Gallarate ITA"]
[Date "2010.01.31"]
[Round "6"]
[White "Novi', Giuseppe"]
[Black "Pepa, Syrja"]
[Result "1-0"]
[WhiteElo "1798"]
[BlackElo "1825"]
[PlyCount "75"]
[EventDate "2010.01.23"]

1. e4 c5 2. Nf3 Nc6 3. Bc4 d6 4. O-O Nf6 5. Re1 Bg4 6. c3 Ne5 7. Bb5+ Nfd7 8.
Nxe5 Bxd1 9. Bxd7+ Qxd7 10. Nxd7 Bc2 11. Nxf8 Rxf8 12. Na3 Bd3 13. b3 b5 14.
Re3 c4 15. Nxb5 Kd7 16. Nd4 e5 17. Nf3 f5 18. exf5 e4 19. Ne1 d5 20. Nxd3 cxd3
21. Ba3 Rxf5 22. Bc5 Kc6 23. Bd4 Raf8 24. Rh3 h5 25. Bxa7 g6 26. Be3 Rh8 27.
Rg3 Rg8 28. Rg5 Rf6 29. a4 Rf5 30. h4 Kd6 31. Rxf5 gxf5 32. g3 Kc6 33. b4 f4
34. Bxf4 d4 35. cxd4 Kd5 36. Be5 Rc8 37. a5 Rc2 38. Bf4 1-0

[Event "C.to provinciale VA"]
[Site "Gallarate ITA"]
[Date "2010.01.31"]
[Round "6"]
[White "Schingaro, Angelo"]
[Black "Mondini, Francesco"]
[Result "1-0"]
[WhiteElo "1695"]
[BlackElo "1504"]
[PlyCount "53"]
[EventDate "2010.01.23"]

1. e4 e6 2. d4 d5 3. Nc3 Bb4 4. e5 c5 5. a3 cxd4 6. axb4 dxc3 7. bxc3 Nc6 8. f4
Nge7 9. Nf3 O-O 10. Bd3 f6 11. Be3 fxe5 12. Bxh7+ Kf7 13. Ng5+ Ke8 14. Qh5+ Kd7
15. Qg4 Nf5 16. Bc5 Rf6 17. b5 Nce7 18. fxe5 Rf8 19. Rf1 Qc7 20. Nxe6 Kxe6 21.
Bxf5+ Rxf5 22. Rxf5 Nxf5 23. Qg6+ Kxe5 24. Bd4+ Nxd4 25. cxd4+ Kxd4 26. Ra4+
Ke5 27. Qg3+ 1-0